Statistics for C-USA College Football Teams

Click here to take the quiz!

General Stats

  • This quiz has been taken 83 times
    (17 since last reset)
  • The average score is 7 of 10

Answer Stats

SchoolTeam Name/Colors% Correct
UTEPMiners
100%
Jacksonville StateGamecocks
85%
Western KentuckyHilltoppers
85%
LibertyFlames
77%
New Mexico StateAggies
77%
FIUPanthers
69%
Louisiana TechBulldogs
69%
Middle TennesseeBlue Raiders
69%
Sam HoustonBearkats
69%
Kennesaw StateOwls
31%

Score Distribution

Percentile by Number Answered

Percent of People with Each Score

Your Score History

You have not taken this quiz since the last reset